| 000 | 01820nam a2200541 i 4500 | ||
|---|---|---|---|
| 001 | 42835 | ||
| 003 | KOSZ 005 | ||
| 005 | 20210629110815.0 | ||
| 008 | 030630s2002 pl a f |000 0 pol | ||
| 015 | _aUWD 2003/12602 | ||
| 020 | _a8388492853 | ||
| 035 | _a991021004269705066 | ||
| 035 | _a(PL-WaBN)b15687685-48omnis_nlop | ||
| 035 | _ab15687685 | ||
| 035 | _a(OCoLC)830495508 | ||
| 035 | _azz2003968297 | ||
| 035 | _a(PL)b0000001568768 | ||
| 035 | _a(EXLNZ-48OMNIS_NETWORK)9910200181405606 | ||
| 040 |
_aWA N _cWA N _dKOSZ 005/HR |
||
| 041 | 0 |
_apol _beng |
|
| 046 | _k2002 | ||
| 080 | _a532.529 | ||
| 080 | _a54-185 | ||
| 080 | _a620.18 | ||
| 080 | _a004.93'1 | ||
| 245 | 0 | 0 |
_aRozpoznawanie obrazu w zastosowaniach do badań przepływu mieszanin dwufazowych : _bpraca zbiorowa / _cpod red. Romana Ulbricha. |
| 260 |
_aOpole : _bOficyna Wydawnicza PO, _c2002. |
||
| 300 |
_a196 s. : _bil. (w tym kolor.) ; _c25 cm. |
||
| 336 |
_aTekst _btxt _2rdacontent |
||
| 337 |
_aBez urządzenia pośredniczącego _bn _2rdamedia |
||
| 338 |
_aWolumin _bnc _2rdacarrier |
||
| 380 | _aKsiążki | ||
| 380 | _aPublikacje naukowe | ||
| 388 | _a2001- | ||
| 490 | 1 |
_aStudia i Monografie / Politechnika Opolska, _x1429-6063 ; _vz. 138 |
|
| 504 | _aBibliogr. przy art. | ||
| 546 | _aStreszcz. ang. przy art. | ||
| 650 | 7 |
_aMieszaniny _2DBN |
|
| 650 | 7 | _aMechanika płynów | |
| 650 | 7 |
_aPrzepływ dwufazowy _2DBN |
|
| 650 | 7 |
_aRozpoznawanie obrazów _2DBN |
|
| 658 | _aInżynieria i technika | ||
| 700 | 1 |
_aUlbrich, Roman _d(1952- ) _eRedakcja |
|
| 830 | 0 |
_aStudia i Monografie - Politechnika Opolska _vz. 138 |
|
| 856 |
_uhttp://koha.tu.koszalin.pl/cgi-bin/koha/opac-detail.pl?biblionumber=42835 _yKatalog online BPK |
||
| 942 |
_2UKD _cKS |
||
| 999 |
_c42835 _d42835 |
||